| 000 | 00624nam a22001817a 4500 | ||
|---|---|---|---|
| 005 | 20241220165838.0 | ||
| 010 | _aDEC24UP ENG-143142 | ||
| 020 |
_c265.00 _a9789389664669 |
||
| 035 | _aEN-126674 | ||
| 037 | _bDBAD | ||
| 082 | _a000 | ||
| 100 |
_aEditorial Board _975540 |
||
| 245 |
_aJammu & Kashmir Service Selection Board _bJunior Assistant Group C/ _cby Editorial Board |
||
| 260 |
_aAgra _bUpkar Prakashan _c2024 |
||
| 270 |
_bAgra _a1 State Bank Colony, Near Khandari, Agra-Mathura Bypass Road, _e282005 _k2530966 _k2531101 _mcare@upkar.in |
||
| 300 |
_avpp. _c26cm(pbk) |
||
| 942 |
_2ddc _cEN _h000 _mJAM |
||
| 999 |
_c207887 _d207887 |
||